000 00630 a2200169 4500
020 _a1441935851
020 _a9781441935854
082 _a620.001515357
090 _c1407
_d1407
100 1 _aRamm, Alexander G.
245 1 0 _aInverse problems :
_bmathematical and analytical techniques with applications to engineering /
_cAlexander G. Ramm.
260 _a[S.l.] :
_bSpringer,
_c2005.
300 _a462 p. ;
_c24 cm.
700 _aRamm, Alexander G.
942 _aSNS
_cBK
_k620.001515357 RAM
999 _c30019
_d30019